000 00846 a2200229 4500
001 38243
005 20260407155647.0
008 260407a1985 arg spa d
003 AR-UNSa-BCEJYS
040 _aAR-UNSa-BCEJYS
_bspa
_cAR-UNSa-BCEJYS
080 _a34(37)
_xDerecho Romano
245 1 0 _aManual de derecho romano
_phistoria e instituciones
020 _a950-508-101-4
250 _a2a. ed., 2a. reimp.
264 1 _aBuenos Aires :
_bAstrea
_c1985
300 _axxxii, 562 p.
_c23 cm.
505 _a1. Estudio del derecho romano - 2. Historia y fuentes del derecho romano - 3. Parte General - 4. Derecho reales - 5. Derecho de obligaciones - 6. Derecho de familia - 7. Derecho sucesorio - 8. Derecho procesal civil
041 _aspa
942 _cBK
590 _aniveau_biblio:m niveau_hierar:0
100 1 _aArgüello, Luis Rodolfo
999 _c2865
_d2865